000 00400nam a2200169Ia 4500
003 0100
005 20140218143615.0
008 130303s9999 xx 000 0 und d
040 _cARRUPELIB
050 _aPR9371.9B4Z82 1965
245 _aOlympe bhely-quenum
260 _aParis
260 _bMonsieur-le-Prince
300 _a63p
700 _aed,Nathan, Fernand
_98723
942 _2lcc
_cMONOGRAPH
999 _c40044
_d40044